Normal view
MARC view
Entry Topical Term
001 - CONTROL NUMBER
- control field: 30238
003 - CONTROL NUMBER IDENTIFIER
- control field: dpl
005 - DATE AND TIME OF LATEST TRANSACTION
- control field: 20110727161202.0
008 - FIXED-LENGTH DATA ELEMENTS
- fixed length control field: 110727|||a|||||| | ||| d
040 ## - CATALOGING SOURCE
- Original cataloging agency: dpl
- Transcribing agency: dpl
150 ## - HEADING--TOPICAL TERM
- Topical term or geographic name as entry element: terms & phrases
670 ## - SOURCE DATA FOUND
- Source citation: Work cat.: (dpl)38645: Pal, Rajiv 30236, Speak english with idioms & phrases /, 2010
670 ## - SOURCE DATA FOUND
- Source citation: Work cat.: (dpl)38645: Pal, Rajiv 30236, Speak english with idioms & phrases /, 2010
